Southville International School and Colleges
Your cart is empty.
  • Cart
  • Lists
    Public lists Eva Luna New books Lux_list list_1
    Your lists Log in to create your own lists
  • Log in to your account
  • Your cookies
  • Search history
Southville International School and Colleges
  • Advanced search
  • Recent comments
  • Most popular
  • Libraries

Log in to your account

Log in with GOOGLE


If you do not have an external account, but do have a local account, you can still log in:

  1. Home
  2. MARC view: Climate change and global warming. /
Normal view MARC view ISBD view

Climate change and global warming. / (Record no. 22759)

[ view plain ]
MARC details
000 -LEADER
fixed length control field 00505nam a2200181 a 4500
005 - DATE AND TIME OF LATEST TRANSACTION
control field 20140310183432.0
008 - FIXED-LENGTH DATA ELEMENTS--GENERAL INFORMATION
fixed length control field 080109s19uu xx 00 eng d
020 ## - INTERNATIONAL STANDARD BOOK NUMBER
International Standard Book Number 8178802554
050 ## - LIBRARY OF CONGRESS CALL NUMBER
Classification number QC 981.8
Item number .T977 2006
100 ## - MAIN ENTRY--PERSONAL NAME
Personal name Tyagi, Avinash
245 ## - TITLE STATEMENT
Title Climate change and global warming. /
Statement of responsibility, etc Avinash Tyagi
260 ## - PUBLICATION, DISTRIBUTION, ETC. (IMPRINT)
Place of publication, distribution, etc New Delhi :
Name of publisher, distributor, etc Rajat Publications,
Date of publication, distribution, etc 2006.
300 ## - PHYSICAL DESCRIPTION
Extent 273 p. :
Dimensions 21 cm.
650 ## - SUBJECT ADDED ENTRY--TOPICAL TERM
Topical term or geographic name as entry element Climate change.
650 ## - SUBJECT ADDED ENTRY--TOPICAL TERM
Topical term or geographic name as entry element Global warming.
942 ## - ADDED ENTRY ELEMENTS (KOHA)
Koha item type Books
Source of classification or shelving scheme Library of Congress Classification
Call number prefix Foreign
Holdings
Withdrawn status Lost status Source of classification or shelving scheme Damaged status Home library Current library Shelving location Date acquired Source of acquisition Cost, normal purchase price Total Checkouts Full call number Barcode Date last seen Date checked out Copy number Price effective from Koha item type
    Library of Congress Classification   College Library College Library General Circulation Section 01/09/2008 Donation 1655.00 2 QC 981.8 .T977 2006 C9004 03/13/2019 03/11/2019 1 10/18/2013 Books

Climate change and global warming. /

APA

Tyagi A., . (2006). Climate change and global warming. New Delhi: Rajat Publications.

Chicago

Tyagi Avinash, . 2006. Climate change and global warming. New Delhi: Rajat Publications.

Harvard

Tyagi A., . (2006). Climate change and global warming. New Delhi: Rajat Publications.

MLA

Tyagi Avinash, . Climate change and global warming. New Delhi: Rajat Publications. 2006.

  • Place hold
  • Print
  • Cite
  • Add to your cart (remove)
  • Save record
    BIBTEX Dublin Core MARCXML MARC (non-Unicode/MARC-8) MARC (Unicode/UTF-8) MARC (Unicode/UTF-8, Standard) MODS (XML) RIS
  • More searches
    Search for this title in:
    Other Libraries (WorldCat) Other Databases (Google Scholar) Online Stores (Bookfinder.com) Open Library (openlibrary.org)

Exporting to Dublin Core...

SOUTHVILLE LIBRARY

Southville International School and Colleges Library

1281 Tropical Ave. Cor. Luxembourg St., BF Homes International, Las Pinas City

Tel. No. 8256374 / 252358 Loc. 117/146

Powered by Koha